000 00322nam a2200121Ia 4500
008 210430s9999 xx 000 0 und d
082 _a901 C683 I
100 _aR.G.Collingwood
245 4 _aThe Idea of History /
_cR.G.Collingwood
260 _aIndia
_bOXFORD University Press
_c2004
300 _a509p
942 _cBK
_2ddc
999 _c562610
_d562610